00792 2200265 4500001002100000005001700021008004100038035002400079040001200103082000800115090001700123100002100140245011400161250001100275260004100286300001800327500005700345650002700402700002000429700002000449850001200469990001500481990001500496990001500511YOGYA-0209000002842420090227024230.0 ind  0010-020900000028424 aYOPDYOG a297 aT 297bSan T aSANAQRATH, Fauzi aTaqarrubbmenggapai pertolongan AllahcFawzi Sanaqrath ; penerjemah, Ainur Raziq ; penyunting, Farah Abu Nala aCet. 1 aYogyakartabTitian Ilahi Pressc1994 a73 hlmc19 cm aJudul asli : Al-Taqamub ila Allah, Thariqu Al-Taufig aIslam - Iman dan Kufur aRazig Ar, Ainur aAbu Nala, Farah aYOPDYOG a98P0108467 a98P0108468 a98P0108469